Economic report on Africa 2010 : promoting high-level sustainable growth to reduce unemployment in Africa.

Bibliographic Details
Corporate Authors: Economic Commission for Africa, African Union
Format: Book
Published: Ethiopia: United Nations, Economic Commission for Africa, 2010.
Subjects:
LEADER 00646cam a2200181 7i4500
001 0000026210
005 20110426090000.0
020 0 0 |a 9789211251135  
090 0 0 |a AFRI 330.9   |b ECO 
110 2 0 |a Economic Commission for Africa 
245 2 0 |a Economic report on Africa 2010 :   |b promoting high-level sustainable growth to reduce unemployment in Africa. 
260 0 0 |a Ethiopia:   |b United Nations, Economic Commission for Africa,   |c 2010. 
300 # # |a 217 p. 
650 0 0 |a Economic development --   |z Africa  
650 0 0 |a Economic conditions --   |z Africa  
651 0 0 |a Africa  
710 2 1 |a African Union  
999 |a 0000028474  |b Book  |c Regions  |e Business Information Centre